000 00305nam a22001217a 4500
003 SGT
082 _a617.51
_bS09S
100 _aSCOTT-CONNER, CAROL
245 _aTHE SAGES MANUAL FUNDAMENTALS OF LAPAROSCOPY THORACOSCOPY & GIENDOS
260 _aINDIA
_bSPRINGER
_c2009
300 _a840
942 _2ddc
_cBK
999 _c14852
_d14852